| 000 | 00701nam a22002177a 4500 | ||
|---|---|---|---|
| 003 | BD-DhUL | ||
| 005 | 20160622122207.0 | ||
| 008 | 160622s1988 xxka|||| |||| 001 0 eng | ||
| 020 | _a0582901197 | ||
| 040 |
_aBD-DhUL _cBD-DhUL |
||
| 082 |
_a371.3 _bTHE |
||
| 100 | 1 | _aThorpe, Mary | |
| 245 | 1 | 0 |
_aEvaluating open and distance learning / _cMary Thorpe |
| 260 |
_aHarlow : _bLongman, _c1988 (1990 printing). |
||
| 300 |
_axiv, 210 p., : _bill, ; _c22 cm. |
||
| 490 | 1 | _aLongman open learning | |
| 504 | _aIncludes bibliographical references and index. | ||
| 650 | 0 |
_aDistance education _xEvaluation. _zGreat Britain |
|
| 650 | 0 |
_aOpen learning _xEvaluation. _zGreat Britain |
|
| 942 |
_2ddc _cBK |
||
| 999 |
_c79826 _d79826 |
||